00732nam a2200217 a 450000100060000000300080000600500170001400800410003102000150007203500190008703500120010604000270011804100080014508200310015310000170018424501820020126000340038330000210041750400320043865000440047061182BD-RjUL20211209080930.0170115s1975 fr b i00010 eng d a9231011588 a(BD-RjUL)61306 a1191213 aANLbengdANLcBD-RjUL aeng0 a302.23071 223 bKAM 1975 1 aKatzen, May.10aMass communication :bteaching and studies at universities : a world-wide survey on the role of universities in the study of the mass media and mass communication /cMay Katzen. aParis :bUnesco Press,c1975. a278 p. ;c24 cm. aBibliography: p. [271]-278. 0aMass mediaxStudy and teaching (Higher)